000 00590nam a2200265Ia 4500
008 210210b2013 xxu||||| |||| 00| 0 eng d
020 _a8121935504
041 _aeng
082 _a591 AGAZ
100 _aAGARWAL (V K)
245 _aZoology for degree students I: B Sc first year
260 _aNew Delhi
_bS. Chand & Co. Ltd.
_c2013
300 _axvi,1516
650 _aZoology
650 _ayear
650 _astudents
650 _aSc
650 _aI:
650 _afor
650 _afirst
650 _adegree
650 _aB
690 _aZoology
906 _a066995
999 _c149394
_d149394